| 000 | 00769nam a22002657a 4500 | ||
|---|---|---|---|
| 999 |
_c44613 _d44613 |
||
| 001 | 18131 | ||
| 003 | CO-MdFUSB | ||
| 005 | 20180622073154.0 | ||
| 008 | 180321s1986 sp ||||| |||| 00| 0 spa d | ||
| 020 | _a84-7645-077-X | ||
| 040 |
_aCO-MdFUSB _bspa _cCO-MdFUSB _dCO-MdFUSBC _erda |
||
| 041 | 0 | _aspa | |
| 082 | 0 | 4 | _aG 227.5 L152c |
| 100 | 1 |
_aLacy, G. H. _eautor |
|
| 245 | 0 |
_aComentario Sobre la Epistola a los Efesios _c / G.H. Lacy, D.D |
|
| 264 | 1 |
_aBarcelona : _b Clie, _c[1986] |
|
| 300 | _a188 p. | ||
| 336 |
_2rdacontent _atexto _btxt |
||
| 337 |
_2rdamedia _asin mediación _bn |
||
| 338 |
_2rdacarrier _avolumen _bnc |
||
| 501 | _arústico | ||
| 505 | 0 | 0 | _aIntroducción - Ánalisis de la carta |
| 653 | _aBiblia N.T. - Efesios - Comentarios | ||
| 942 | _cBK | ||